[Event "happy 2010"]
[Site "http://www.queenalice.com/game.php?id=705987"]
[Date "2009.12.30"]
[Round "-"]
[White "vinsri"]
[Black "carloscolangelo"]
[Result "0-1"]
[WhiteElo "1741"]
[BlackElo "1496"]

1. e4 e5 2. Nf3 Nc6 3. d4 exd4 4. Nxd4 Bc5 5. Be3 Nf6 6. Nf5 d6 7. Bxc5 dxc5 8.
Bb5 Qxd1+ 9. Kxd1 a6 10. Bxc6+ bxc6 11. Nxg7+ Kf8 12. e5 Ne4 13. Re1 Nxf2+ 14.
Ke2 Kxg7 15. Kxf2 Bf5 16. Kf3 Bxc2 17. g4 f6 18. e6 Rhe8 19. Re2 Bxb1 20. Rxb1
Re7 21. h4 Rae8 22. g5 Rxe6 23. gxf6+ Rxf6+ 24. Kg4 Rxe2 25. h5 Rg2+ 26. Kh3
Rff2 27. Rc1 Rxb2 28. Rxc5 Rxa2 29. Rxc6 Rgc2 30. h6+ Kf7 31. Rxc2 Rxc2 32. Kh4
a5 0-1

[Event "Challenge"]
[Site "http://www.queenalice.com/game.php?id=710217"]
[Date "2010.1.8"]
[Round "-"]
[White "richcooke"]
[Black "vinsri"]
[Result "1-0"]
[WhiteElo "1722"]
[BlackElo "1664"]

1. c4 d5 2. e3 e6 3. d4 dxc4 4. Bxc4 Bb4+ 5. Nc3 Nc6 6. Bb5 Bd7 7. Nf3 Na5 8.
O-O Bxc3 9. Bxd7+ Qxd7 10. bxc3 O-O-O 11. Ne5 Qe7 12. Qa4 b6 13. Ba3 Qf6 14.
Rab1 Nh6 15. Bb4 Rd5 16. Bxa5 Rxa5 17. Qd7+ Kb8 18. Nc6+ Kb7 19. Nxa5+ Kb8 20.
Qc6 Kc8 21. Nb7 e5 22. Qd5 Nf5 23. dxe5 Qg6 24. Nc5 bxc5 25. Qa8+ Kd7 26. Qxh8
Nh4 27. Rfd1+ Ke6 28. Qe8+ Kf5 29. Qd7+ Kg5 30. f4+ Kh6 31. Qh3 f5 32. Qxh4+ Qh5
33. Qxh5+ Kxh5 34. Rb7 g5 35. Rxc7 g4 36. g3 Kg6 37. Rd6+ Kh5 38. Rxh7# 1-0

[Event "Vacation"]
[Site "http://www.queenalice.com/game.php?id=711493"]
[Date "2010.1.10"]
[Round "-"]
[White "carloscolangelo"]
[Black "vinsri"]
[Result "1-0"]
[WhiteElo "1531"]
[BlackElo "1691"]

1. e4 e5 2. Nf3 d5 3. exd5 Qxd5 4. Nc3 Qe6 5. b3 e4 6. Bc4 Qf6 7. Nxe4 Qxa1 8.
Neg5 Bg4 9. Nxf7 g6 10. Nxh8 Qxh8 11. h3 Bxf3 12. Qxf3 c6 13. Qf7+ Kd8 14. Qxf8+
Kc7 15. O-O b6 16. Bxg8 Kb7 17. d4 Nd7 18. Qf7 Kc7 19. Bf4+ Kc8 20. Qe8+ Kb7 21.
Qxd7+ Ka6 22. Bc4+ b5 23. Qxc6+ Ka5 24. Qxb5# 1-0

[Event "Challenge"]
[Site "http://www.queenalice.com/game.php?id=720507"]
[Date "2010.1.26"]
[Round "-"]
[White "vinsri"]
[Black "Kic"]
[Result "1/2-1/2"]
[WhiteElo "1665"]
[BlackElo "1600"]

1. e4 d5 2. d3 Nf6 3. e5 Nfd7 4. d4 c5 5. dxc5 Nxe5 6. Bf4 Nbc6 7. Bb5 Ng6 8.
Nc3 e5 9. Bg3 Qa5 10. Qxd5 Be7 11. Bc4 Be6 12. Qe4 Bxc5 13. O-O-O O-O 14. Bxe6
fxe6 15. Kb1 Bb4 16. Nge2 Qb6 17. f4 Ba3 18. Na4 Qb5 19. Nec3 Qb4 20. Qxb4 Bxb4
21. Nc5 Bxc5 22. fxe5 Ncxe5 23. Bxe5 Nxe5 24. Ne4 Be7 25. g3 Ng4 26. h4 Rac8 27.
h5 Ne3 28. Rc1 Ng4 29. Rcf1 Rxf1+ 30. Rxf1 Ne3 31. Rf2 Rd8 32. b3 Ng4 33. Rf4
Nf6 34. g4 Nxe4 35. Rxe4 Bf6 36. a4 e5 37. g5 Bxg5 38. Rxe5 Rd1+ 39. Ka2 Rd2 40.
Kb1 Rd1+ 41. Ka2 Rd2 42. Rxg5 Rxc2+ 43. Ka3 h6 44. Ra5 a6 45. b4 g5 46. b5 g4
47. bxa6 bxa6 48. Rxa6 g3 49. Rg6+ Kf7 50. Rxg3 Rc5 51. Rh3 Rg5 52. Kb4 Ke6 53.
Rd3 Rxh5 54. Rc3 Rf5 55. Rc5 Rxc5 56. Kxc5 Kd7 57. Kb6 Kc8 58. a5 Kb8 59. Kc5
Kb7 60. Kd4 Ka6 1/2-1/2

[Event "Challenge"]
[Site "http://www.queenalice.com/game.php?id=721167"]
[Date "2010.1.27"]
[Round "-"]
[White "archangel"]
[Black "vinsri"]
[Result "1-0"]
[WhiteElo "1808"]
[BlackElo "1649"]

1. d4 d5 2. c4 dxc4 3. e4 Nc6 4. d5 Ne5 5. Bf4 Nd3+ 6. Bxd3 cxd3 7. Qxd3 e6 8.
Nf3 exd5 9. Nc3 Bb4 10. O-O Nf6 11. Qb5+ Bd7 12. Qxb4 dxe4 13. Nxe4 b6 14. Rad1
c5 15. Nxf6+ Qxf6 16. Rfe1+ Be6 17. Qb5+ Kf8 18. Bd6+ Kg8 19. b3 Bg4 20. Re8+
Rxe8 21. Qxe8# 1-0

[Event "Challenge"]
[Site "http://www.queenalice.com/game.php?id=724396"]
[Date "2010.2.2"]
[Round "-"]
[White "flaviookytsoten"]
[Black "vinsri"]
[Result "0-1"]
[WhiteElo "1658"]
[BlackElo "1637"]

1. d4 d5 2. Nf3 Bf5 3. Nc3 Nc6 4. a3 e6 5. Bf4 f6 6. e3 e5 7. dxe5 fxe5 8. Bg5
Qd6 9. Nb5 Qd7 10. Be2 Be7 11. Bxe7 Ncxe7 12. Nxe5 Qd8 13. O-O c6 14. Nc3 Qd6
15. Nf3 O-O-O 16. Ng5 Nh6 17. h3 Ng6 18. Qd4 Kb8 19. Qxg7 Ne5 20. f4 Nc4 21. Na4
Bxc2 22. Bxc4 dxc4 23. Nc3 Qg6 24. Qxg6 hxg6 25. Rac1 Bd3 26. Rfd1 b5 27. Ne6
Rd6 28. Nc5 Nf5 29. Re1 Kc7 30. Nxd3 Rxd3 31. e4 Nh4 32. Rcd1 Rhd8 33. Kh1 a5
34. Kh2 b4 0-1

[Event "Challenge"]
[Site "http://www.queenalice.com/game.php?id=728455"]
[Date "2010.2.8"]
[Round "-"]
[White "vinsri"]
[Black "carloscolangelo"]
[Result "1-0"]
[WhiteElo "1638"]
[BlackElo "1555"]

1. e4 e5 2. d4 exd4 3. Qxd4 b6 4. Bc4 Bc5 5. Qd5 Nh6 6. Bxh6 Qf6 7. Qxa8 Qxf2+
8. Kd1 Qd4+ 9. Nd2 Qxb2 10. Rb1 Qxa2 11. Qxb8 O-O 12. Bxa2 1-0

[Event "Challenge"]
[Site "http://www.queenalice.com/game.php?id=733232"]
[Date "2010.2.17"]
[Round "-"]
[White "vinsri"]
[Black "angeloagra"]
[Result "0-1"]
[WhiteElo "1662"]
[BlackElo "1574"]

1. e4 e5 2. Qf3 Nf6 3. Nh3 Bc5 4. c3 d6 5. Bc4 Bg4 6. Qd3 O-O 7. b4 Bb6 8. Qc2
Bxh3 9. gxh3 Nc6 10. d3 h6 11. Rg1 Kh8 12. d4 exd4 13. e5 Nxe5 14. Bd3 Nf3+ 15.
Kf1 Nxg1 16. Kxg1 Qe7 17. Bd2 dxc3 18. Nxc3 Qe5 19. Be3 Bxe3 20. Re1 Qg5+ 21.
Kh1 Bd2 22. Rg1 Qf4 23. Qb2 Qf3+ 24. Rg2 Qxd3 25. Nb1 Rae8 26. Nxd2 Re1+ 27. Rg1
Qd5+ 28. f3 Rxg1+ 29. Kxg1 Qg5+ 30. Kf2 Qh4+ 31. Kg2 Re8 32. Nf1 Qc4 33. Ng3 Nh5
34. Kf2 Nxg3 35. hxg3 c5 36. b5 Qd4+ 37. Qxd4 cxd4 38. a4 d3 39. g4 d2 40. Kg3
d1=Q 41. h4 Qg1+ 42. Kf4 Qe3+ 43. Kf5 Qe5# 0-1

[Event "Challenge"]
[Site "http://www.queenalice.com/game.php?id=733690"]
[Date "2010.2.18"]
[Round "-"]
[White "carloscolangelo"]
[Black "vinsri"]
[Result "0-1"]
[WhiteElo "1574"]
[BlackElo "1652"]

1. e4 d5 2. Bd3 Nf6 3. e5 Ne4 4. c4 e6 5. cxd5 exd5 6. Nf3 Bc5 7. O-O Bg4 8. h3
Bxf3 9. Qxf3 Qf6 10. Bxe4 dxe4 11. Qxe4 Qb6 12. Nc3 O-O 13. d3 Nc6 14. Nd5 Qa5
15. Bf4 Nd4 16. e6 Nxe6 17. a3 Bd4 18. b4 Qa4 19. Bxc7 Bxa1 20. Rxa1 Rfe8 21.
Qg4 Qc6 22. Qf5 Nxc7 23. Nxc7 Qxc7 24. a4 Re5 25. Qg4 Rae8 26. Kf1 Qc3 27. f4
Qxa1+ 28. Kf2 Qe1+ 29. Kf3 Qe3# 0-1

[Event "Challenge"]
[Site "http://www.queenalice.com/game.php?id=754000"]
[Date "2010.3.30"]
[Round "-"]
[White "vinsri"]
[Black "carloscolangelo"]
[Result "0-1"]
[WhiteElo "1642"]
[BlackElo "1549"]

1. e4 e5 2. Nh3 Nf6 3. Bc4 Nxe4 4. Qf3 Nf6 5. Ng5 d5 6. Bb5+ Bd7 7. a4 c6 8. Be2
e4 9. Qf4 g6 10. d3 exd3 11. Bxd3 Bg7 12. O-O O-O 13. Bd2 Nh5 14. Qh4 Bxb2 15.
Ra2 Qf6 16. Be2 Be5 17. Bxh5 gxh5 18. Qxh5 Bf5 19. Re1 Bxc2 20. Rxc2 Qf5 21.
Rxe5 Qxc2 22. g4 Qxb1+ 23. Kg2 Nd7 24. Bc3 Nxe5 25. f4 Nc4 26. f5 Ne3+ 27. Kh3
Qf1+ 28. Kh4 Qf2+ 29. Kh3 Qf1+ 30. Kh4 Nxf5+ 31. gxf5 Qf4+ 32. Kh3 Qxf5+ 33. Kh4
f6 34. Nxh7 Qxh7 35. Kg4 Qxh5+ 36. Kxh5 Kg7 37. Kg4 Kg8 38. h4 f5+ 39. Kf4 Rae8
40. h5 Re4+ 41. Kg5 f4 42. Kg6 Rf7 43. h6 Rh7 44. a5 f3 0-1

[Event "Challenge"]
[Site "http://www.queenalice.com/game.php?id=774572"]
[Date "2010.5.12"]
[Round "-"]
[White "carloscolangelo"]
[Black "vinsri"]
[Result "0-1"]
[WhiteElo "1605"]
[BlackElo "1622"]

1. e4 e5 2. Nf3 Bd6 3. Bc4 Nh6 4. d3 Qf6 5. Bxh6 Qxh6 6. Nc3 O-O 7. O-O Bc5 8.
Nxe5 Bd6 9. Nf3 Nc6 10. d4 Bb4 11. d5 Na5 12. a3 Bxc3 13. bxc3 Nxc4 14. Qe2 b5
15. a4 Ba6 16. axb5 Bxb5 17. Ra5 a6 18. Nd4 Nxa5 19. Nxb5 axb5 20. Qxb5 d6 21.
Qd7 Rfc8 22. Re1 Nc4 23. g3 Ne5 24. Qf5 g6 25. Qf6 Qh5 26. Qf4 Nf3+ 27. Kf1 Nxe1
28. Kxe1 Ra1+ 29. Kd2 Qd1+ 30. Ke3 Qe1+ 31. Kf3 Qh1+ 32. Ke3 Qc1+ 33. Kf3 Qh1+
34. Ke3 Re1+ 35. Kd3 c5 36. c4 Qxh2 37. Qxd6 Qxf2 38. Kc3 Rb1 39. Qd7 Qe3# 0-1

[Event "Challenge"]
[Site "http://www.queenalice.com/game.php?id=791561"]
[Date "2010.6.17"]
[Round "-"]
[White "vinsri"]
[Black "carloscolangelo"]
[Result "0-1"]
[WhiteElo "1654"]
[BlackElo "1590"]

1. e4 e5 2. Bc4 Bc5 3. c3 Nf6 4. d4 exd4 5. cxd4 Bb6 6. e5 Ne4 7. Qf3 d5 8. Bd3
Nf6 9. exf6 Qxf6 10. Qg3 Bxd4 11. Ne2 Be5 12. Qe3 Nc6 13. Nbc3 d4 14. Nd5 Qd6
15. Qf3 Be6 16. Ndf4 Nb4 17. Qxb7 O-O 18. Nxe6 Qxe6 19. Qxb4 a5 20. Qa4 c5 21.
Bf4 Bxf4 22. O-O Be5 23. Qc2 Qh6 24. Qxc5 Qxh2# 0-1

[Event "Challenge"]
[Site "http://www.queenalice.com/game.php?id=800692"]
[Date "2010.7.8"]
[Round "-"]
[White "carloscolangelo"]
[Black "vinsri"]
[Result "1-0"]
[WhiteElo "1609"]
[BlackElo "1635"]

1. e4 e5 2. Nf3 Qf6 3. Bc4 Bc5 4. d3 Qb6 5. O-O d6 6. Ng5 Be6 7. Nxe6 fxe6 8.
Bxe6 Ne7 9. Qf3 Rf8 10. Qh5+ g6 11. Qh4 Rf4 12. Bxf4 exf4 13. Qxf4 Qxb2 14. Qf7+
Kd8 15. Qf8# 1-0

[Event "Challenge"]
[Site "http://www.queenalice.com/game.php?id=803934"]
[Date "2010.7.15"]
[Round "-"]
[White "vinsri"]
[Black "carloscolangelo"]
[Result "1-0"]
[WhiteElo "1618"]
[BlackElo "1613"]

1. e4 e5 2. Bc4 Bc5 3. d3 Nf6 4. Nf3 O-O 5. Nxe5 d6 6. Nf3 Ng4 7. O-O c6 8. d4
Bb6 9. Bg5 Nf6 10. Bd3 h6 11. Bh4 Bg4 12. c3 Nbd7 13. Qc2 g6 14. e5 dxe5 15.
Nxe5 c5 16. Nxg4 h5 17. Nxf6+ Nxf6 18. Nd2 cxd4 19. c4 Qd6 20. Ne4 Nxe4 21. Bxe4
Qf4 22. Bg3 Qg4 23. Bf3 Qe6 24. Rfe1 Qd7 25. Qd2 Rac8 26. b3 a5 27. Be5 Rc5 28.
Bxd4 Rf5 29. Bd5 Bxd4 30. Qxd4 b5 31. Re5 bxc4 32. bxc4 Rxe5 33. Qxe5 Re8 34.
Qf6 Re7 35. Kf1 Qe8 36. c5 Re5 37. Bxf7+ Qxf7 38. Qxe5 Qc4+ 39. Kg1 h4 40. Qe8+
Kg7 41. c6 Qc3 42. Qe7+ Kh6 43. Re1 Qxc6 44. Re5 Qc1+ 45. Re1 Qc2 46. Qf8+ Kh5
47. Qh8+ Kg5 48. Re5+ Kg4 49. h3+ Kf4 50. Qf6+ Qf5 51. Qxf5+ gxf5 52. Rxa5 Ke4
53. Ra8 Kd5 54. Rc8 Kd6 55. a4 Kd7 56. Rc1 Kd6 57. a5 1-0

[Event "Challenge"]
[Site "http://www.queenalice.com/game.php?id=819267"]
[Date "2010.8.16"]
[Round "-"]
[White "vinsri"]
[Black "angeloagra"]
[Result "1-0"]
[WhiteElo "1649"]
[BlackElo "1614"]

1. d4 d5 2. Qd3 Nf6 3. Bg5 e6 4. e4 dxe4 5. Bxf6 Qxf6 6. Qxe4 Nc6 7. Bb5 Bd7 8.
Nf3 a6 9. Ba4 Bb4+ 10. c3 Bd6 11. O-O O-O 12. Bc2 Rae8 13. Qxh7# 1-0

[Event "Challenge"]
[Site "http://www.queenalice.com/game.php?id=821026"]
[Date "2010.8.20"]
[Round "-"]
[White "carloscolangelo"]
[Black "vinsri"]
[Result "1-0"]
[WhiteElo "1541"]
[BlackElo "1664"]

1. e4 d5 2. exd5 Qxd5 3. Nc3 Qe6+ 4. Be2 Qc6 5. Nf3 Bg4 6. h3 Bh5 7. Ne5 Bxe2 8.
Qxe2 Qxg2 9. Rf1 Qxh3 10. Nd5 Na6 11. Qf3 Qe6 12. d4 f6 13. Bf4 fxe5 14. Bxe5
O-O-O 15. Qb3 Rxd5 16. Qc3 Nf6 17. Kd1 Ne4 18. Qc4 Qxe5 19. c3 Qh5+ 20. f3 e6
21. Kc1 Qg5+ 22. f4 Qg2 23. Qd3 Nd2 24. Rd1 Ne4 25. Re1 Nec5 26. Qc4 Ne4 27. Re2
Qf1+ 28. Kc2 Qxf4 29. Rc1 Rd6 30. Rce1 Ng5 31. Re5 Rc6 32. Qb5 h6 33. d5 Rd6 34.
c4 exd5 35. Re8+ Rd8 36. Rxd8+ Kxd8 37. Qe8# 1-0

[Event "Challenge"]
[Site "http://www.queenalice.com/game.php?id=832912"]
[Date "2010.9.14"]
[Round "-"]
[White "vinsri"]
[Black "carloscolangelo"]
[Result "1-0"]
[WhiteElo "1643"]
[BlackElo "1566"]

1. e4 e5 2. Qf3 Nf6 3. Bc4 Bc5 4. d3 d6 5. Be3 Bg4 6. Qg3 O-O 7. Bg5 h6 8. Bxf6
Qxf6 9. Qxg4 Qxf2+ 10. Kd1 Qf1+ 11. Kd2 Qf2+ 12. Qe2 Be3+ 13. Kd1 c6 14. Nh3
Qxe2+ 15. Kxe2 Bd4 16. c3 Bc5 17. d4 exd4 18. cxd4 Bxd4 19. Nd2 Bxb2 20. Rab1
Bc3 21. Nf3 Na6 22. Rhc1 Ba5 23. Nf4 Rae8 24. Kd3 Nb4+ 25. Kd4 c5+ 26. Ke3 Nxa2
27. Rc2 Nb4 28. Rd2 d5 29. Bxd5 Nxd5+ 30. Rxd5 Bb6 31. Ne5 c4+ 32. Kd2 Rc8 33.
Nd7 c3+ 34. Kc2 g5 35. Nxf8 Rxf8 36. Kxc3 Rc8+ 37. Kd3 gxf4 38. Rf5 Rd8+ 39. Rd5
Re8 40. h4 a5 41. Rxb6 a4 42. Ra5 Rd8+ 43. Ke2 Rd4 44. Kf3 Rd2 45. Rxa4 Rd3+ 46.
Kxf4 Rd2 47. g4 Rf2+ 48. Kg3 Re2 49. Rxb7 f6 50. Ra8# 1-0

[Event "Challenge"]
[Site "http://www.queenalice.com/game.php?id=847851"]
[Date "2010.10.19"]
[Round "-"]
[White "carloscolangelo"]
[Black "vinsri"]
[Result "0-1"]
[WhiteElo "1562"]
[BlackElo "1656"]

1. e4 e5 2. Nf3 Qf6 3. Bc4 Nh6 4. d3 Bc5 5. Bxh6 Qxh6 6. Nxe5 O-O 7. Qf3 Qb6 8.
O-O Qxb2 9. Nd2 Qxe5 10. Nb3 Bd6 11. d4 Qxh2# 0-1

[Event "Challenge"]
[Site "http://www.queenalice.com/game.php?id=852048"]
[Date "2010.10.29"]
[Round "-"]
[White "vinsri"]
[Black "carloscolangelo"]
[Result "1-0"]
[WhiteElo "1668"]
[BlackElo "1518"]

1. e4 e5 2. Bc4 Nf6 3. d4 Nc6 4. dxe5 Nxe5 5. Bb3 Bc5 6. Bf4 Nfg4 7. Nh3 d6 8.
O-O Ng6 9. c4 Qf6 10. Bc1 Qe5 11. g3 Qxe4 12. Re1 Bxf2+ 13. Nxf2 Ne3 14. Rxe3
Qxe3 15. Bxe3 O-O 16. Ba4 c6 17. Qxd6 Be6 18. Bc2 Rad8 19. Qb4 b6 20. Bxg6 c5
21. Qc3 fxg6 22. Bd2 Bf5 23. Na3 Rd7 24. Nb5 Rfd8 25. Bg5 Re8 26. Rd1 Rf7 27.
Rd8 Rff8 28. Rxe8 Rxe8 29. Nxa7 Re2 30. b4 cxb4 31. Qxb4 h6 32. Bc1 Be4 33. Nxe4
Rxe4 34. Ba3 Re2 35. Qf8+ Kh7 36. c5 bxc5 37. Bxc5 Rxa2 38. Bd4 Ra4 39. Qxg7#
1-0